<?xml version="1.0" encoding="UTF-8"?><?xml-stylesheet type="text/xsl" href="static/style.xsl"?><OAI-PMH xmlns="http://www.openarchives.org/OAI/2.0/" xmlns:xsi="http://www.w3.org/2001/XMLSchema-instance" xsi:schemaLocation="http://www.openarchives.org/OAI/2.0/ http://www.openarchives.org/OAI/2.0/OAI-PMH.xsd"><responseDate>2026-06-02T16:17:52Z</responseDate><request verb="GetRecord" identifier="oai:riuma.uma.es:10630/29055" metadataPrefix="marc">https://riuma.uma.es/rest/oai/request</request><GetRecord><record><header><identifier>oai:riuma.uma.es:10630/29055</identifier><datestamp>2026-02-03T11:41:57Z</datestamp><setSpec>com_10630_2254</setSpec><setSpec>col_10630_37956</setSpec></header><metadata><record xmlns="http://www.loc.gov/MARC21/slim" xmlns:dcterms="http://purl.org/dc/terms/" xmlns:doc="http://www.lyncode.com/xoai" xmlns:xsi="http://www.w3.org/2001/XMLSchema-instance" xsi:schemaLocation="http://www.loc.gov/MARC21/slim http://www.loc.gov/standards/marcxml/schema/MARC21slim.xsd">
   <leader>00925njm 22002777a 4500</leader>
   <datafield ind2=" " ind1=" " tag="042">
      <subfield code="a">dc</subfield>
   </datafield>
   <datafield ind2=" " ind1=" " tag="720">
      <subfield code="a">Cano-Iglesias, María José</subfield>
      <subfield code="e">author</subfield>
   </datafield>
   <datafield ind2=" " ind1=" " tag="720">
      <subfield code="a">Franco-Mariscal, Antonio Joaquín</subfield>
      <subfield code="e">author</subfield>
   </datafield>
   <datafield ind2=" " ind1=" " tag="720">
      <subfield code="a">Blanco-López, Ángel</subfield>
      <subfield code="e">author</subfield>
   </datafield>
   <datafield ind2=" " ind1=" " tag="260">
      <subfield code="c">2023-09-14</subfield>
   </datafield>
   <datafield ind2=" " ind1=" " tag="520">
      <subfield code="a">Este capítulo se centra en cómo el o la docente puede evaluar las habilidades de pensamiento crítico que se pueden desarrollar a través de juegos de rol. En primer lugar, se describen distintos instrumentos para la recogida de datos en el desarrollo del &#xd;
juego de rol en el aula (antes, durante y después). A continuación, se presenta cómo se puede realizar el análisis y la evaluación de las distintas dimensiones del pensamiento crítico asociadas a problemas socio-científicos descritas en el capítulo 2 de este libro: planteamiento integral del problema, visión de la ciencia, conocimientos, análisis crítico de la información, argumentación, toma de decisiones, autonomía personal y comunicación. El análisis de la evaluación se acompaña de ejemplos de algunos de los juegos de rol presentados en los capítulos anteriores.</subfield>
   </datafield>
   <datafield ind1="8" ind2=" " tag="024">
      <subfield code="a">Cano, M.J., Franco, A.J., y Blanco, A. (2023). Evaluación del desarrollo del pensamiento crítico a través de juegos de rol. En A.J. Franco Mariscal, J.M. Hierrezuelo Osorio, M.J. Cano Iglesias, Á. Blanco López (Ed.), El juego de rol como estrategia para desarrollar habilidades de pensamiento crítico en el aula de ciencias (pp. 213 - 226). Editorial Ediciones Pirámide. ISBN 978-84-368-4830-4.</subfield>
   </datafield>
   <datafield ind1="8" ind2=" " tag="024">
      <subfield code="a">978-84-368-4830-4</subfield>
   </datafield>
   <datafield ind1="8" ind2=" " tag="024">
      <subfield code="a">https://hdl.handle.net/10630/29055</subfield>
   </datafield>
   <datafield tag="653" ind2=" " ind1=" ">
      <subfield code="a">Estudiantes - Evaluación</subfield>
   </datafield>
   <datafield ind2="0" ind1="0" tag="245">
      <subfield code="a">Evaluación del desarrollo del pensamiento crítico a  través de juegos de rol</subfield>
   </datafield>
</record>
</metadata></record></GetRecord></OAI-PMH>